000 00635nam a22002297a 4500
003 UA-OsUOA
001 103464
007 ta
008 20131030b un ||||| |||| 00| 0 ukr d
100 _aБелянова Е.
700 _aНиколаенко С.
090 _a330
_bБ44
942 _cSA
040 _aUA-OsUOA
_brus
_cUA-OsUOA
_dUA-OsUOA
245 _aВоздействие коррупции на развитие бизнеса: эмпирическая оценка
300 _aС.91-106
955 _a0
041 _arus
080 _a330
773 0 _w103463
650 7 _a330 Економіка взагалі
_2UDC
999 _c390307
_d390307